000
00242nam a2200097Ia 4500
008
170619s9999 xx 000 0 und d
100
_a
Lathi- B.P.
245
0
_a
Principles of Signal Processing and Linear Systems
260
_b
Oxford
260
_c
2011
546
_a
ENGLISH
999
_c
20875
_d
20875